Behavior change log book and wellness journal / (رقم التسجيلة. 21447)

تفاصيل مارك
000 -الفاتح
حقل البيانات ثابتة الطول 01057nam a22002774a 4500
001 - رقم الضبط
رقم الضبط 60758541
003 - محدد رقم الضبط
رقم الضبط OCoLC
005 - وقت وتاريخ اخر تعامل مع التسجيلة
رقم الضبط 20150408114013.0
008 - عناصر البيانات ثابتة الطول - معلومات عامة
حقل البيانات ثابتة الطول 050628s2006 cauadk 000 0 eng d
020 ## - الرقم الدولى المعيارى للكتب
الرقم الدولى المعيارى للكتاب 0805379363 (pbk.)
020 ## - الرقم الدولى المعيارى للكتب
الرقم الدولى المعيارى للكتاب 9780805379365 (pbk.)
035 ## - رقم ضبط النظام
رقم ضبط النظام (OCoLC)60758541
040 ## - مصدر الفهرسة
وكالة الفهرسة الأصلية TTS
وكالة النسخ TTS
وكالة التعديل UQ1
050 #4 - رقم طلب مكتبة الكونجرس
رقم التصنيف RA781
رقم المادة .D64 2006
082 ## - رقم تصنيف ديوى العشرى
رقم الطبعة 21
100 1# - المدخل الرئيسى - إسم شخصى
الإسم الشخصى Dodd, Stephen L.
9 (RLIN) 10675
245 10 - بيان العنوان
العنوان Behavior change log book and wellness journal /
بيان المسئوليه,etc Stephen L. Dodd.
260 ## - PUBLICATION, DISTRIBUTION, ETC. (IMPRINT)
مكان الناشر او الموزع San Francisco :
اسم الناشر او الموزع Pearson/Benjamin Cummings,
تاريخ النشر أو التوزيع 2006.
300 ## - الوصف المادى
التعداد 131 p. :
تفاصيل ماديه اخرى للوعاء ill., charts, forms ;
أبعاد الوعاء 24 cm.
520 ## - التبصرة الخاصة بالتعليق أو التلخيص
ملخص,الخ Tool to help identify and change unhealthy behaviors; institute new, more healthy diet plans; develop and adhere to fitness prescriptions; reflect on health and wellness issues in journal exercises; and develop behavior change plans using short-term and lifelong Behavior Change Contracts.
650 #0 - المدخل الاضافى بالموضوع-مصطلح موضوعى
مصطلح موضوعي أو اسم جغرافي كعنصر مدخل Exercise.
650 #0 - المدخل الاضافى بالموضوع-مصطلح موضوعى
مصطلح موضوعي أو اسم جغرافي كعنصر مدخل Nutrition.
650 #0 - المدخل الاضافى بالموضوع-مصطلح موضوعى
مصطلح موضوعي أو اسم جغرافي كعنصر مدخل Physical fitness.
9 (RLIN) 10672
650 #0 - المدخل الاضافى بالموضوع-مصطلح موضوعى
مصطلح موضوعي أو اسم جغرافي كعنصر مدخل Health.
942 ## - عناصر المدخل الإضافي( كوها)
مصدر التصنيف او مخطط الترفيف Dewey Decimal Classification
Koha [default] item type كتاب
المقتنيات
حالة الفقد نموذج السعر الفعال حالة تلف ليس للاعارة رقم الطلب تاريخ الاكتساب الموقع الحالي الباركود الفرع الرئيسي Date last seen نوع المادة فى نظام كوها مصدر التصنيف او خطة الترفيف Total Checkouts
  2013-03-10     613.7 D S B 2012-04-20 المكتبة المركزية بالمجمعة (CL) 00084614 المكتبة المركزية بالمجمعة (CL) 2013-03-10 كتاب Dewey Decimal Classification  
  2013-03-10     613.7 D S B 2012-04-20 المكتبة المركزية بالمجمعة (CL) 00084618 المكتبة المركزية بالمجمعة (CL) 2013-03-10 كتاب Dewey Decimal Classification  
  2013-03-10     613.7 D S B 2012-05-14 مكتبة كلية العلوم الطبية التطبيقية بالمجمعة - طالبات (AMF) 00087028 مكتبة كلية العلوم الطبية التطبيقية بالمجمعة - طالبات (AMF) 2013-03-10 كتاب Dewey Decimal Classification  
  2013-03-10     613.7 D S B 2012-05-14 مكتبة كلية العلوم الطبية التطبيقية بالمجمعة - طالبات (AMF) 00087021 مكتبة كلية العلوم الطبية التطبيقية بالمجمعة - طالبات (AMF) 2013-03-10 كتاب Dewey Decimal Classification  
  2013-03-10     613.7 D S B 2012-05-14 مكتبة كلية العلوم الطبية التطبيقية بالمجمعة - طالبات (AMF) 00087000 مكتبة كلية العلوم الطبية التطبيقية بالمجمعة - طالبات (AMF) 2013-03-10 كتاب Dewey Decimal Classification  
  2013-03-10     613.7 D S B 2012-05-14 مكتبة كلية العلوم الطبية التطبيقية بالمجمعة - طالبات (AMF) 00087019 مكتبة كلية العلوم الطبية التطبيقية بالمجمعة - طالبات (AMF) 2013-03-10 كتاب Dewey Decimal Classification  
  2013-03-10     613.7 D S B 2012-05-14 مكتبة كلية العلوم الطبية التطبيقية بالمجمعة - طالبات (AMF) 00087015 مكتبة كلية العلوم الطبية التطبيقية بالمجمعة - طالبات (AMF) 2013-03-10 كتاب Dewey Decimal Classification  
  2013-03-10     613.7 D S B 2012-05-14 مكتبة كلية العلوم الطبية التطبيقية بالمجمعة - طالبات (AMF) 00087032 مكتبة كلية العلوم الطبية التطبيقية بالمجمعة - طالبات (AMF) 2013-03-10 كتاب Dewey Decimal Classification  
  2013-03-10     613.7 D S B 2012-04-11 مكتبة مجمع الطالبات بالمجمعة (EMF) 00076742 مكتبة مجمع الطالبات بالمجمعة (EMF) 2013-03-10 كتاب Dewey Decimal Classification  
  2013-03-10     613.7 D S B 2012-04-11 مكتبة مجمع الطالبات بالمجمعة (EMF) 00076739 مكتبة مجمع الطالبات بالمجمعة (EMF) 2013-03-10 كتاب Dewey Decimal Classification